Hydrologic fluctuations trigger structural changes in wetland–dry grassland ecotones but have no effect on ecotone position

Elmentve itt :
Bibliográfiai részletek
Szerzők: Tölgyesi Csaba
Erdős László
Körmöczi László
Bátori Zoltán
Dokumentumtípus: Cikk
Megjelent: 2016
Sorozat:COMMUNITY ECOLOGY 17 No. 2
doi:10.1556/168.2016.17.2.7

mtmt:3133434
Online Access:http://publicatio.bibl.u-szeged.hu/14249
LEADER 00859nab a2200229 i 4500
001 publ14249
005 20190111133709.0
008 190111s2016 hu o 0|| angol d
022 |a 1585-8553 
024 7 |a 10.1556/168.2016.17.2.7  |2 doi 
024 7 |a 3133434  |2 mtmt 
040 |a SZTE Publicatio Repozitórium  |b hun 
041 |a angol 
100 1 |a Tölgyesi Csaba 
245 1 0 |a Hydrologic fluctuations trigger structural changes in wetland–dry grassland ecotones but have no effect on ecotone position  |h [elektronikus dokumentum] /  |c  Tölgyesi Csaba 
260 |c 2016 
300 |a 188-197 
490 0 |a COMMUNITY ECOLOGY  |v 17 No. 2 
700 0 1 |a Erdős László  |e aut 
700 0 1 |a Körmöczi László  |e aut 
700 0 1 |a Bátori Zoltán  |e aut 
856 4 0 |u http://publicatio.bibl.u-szeged.hu/14249/1/T%C3%B6lgyesi%202016%20Community%20Ecology.pdf  |z Dokumentum-elérés